Thu hình số, Set-Top-Box số, Multimedia

Đã lưu trong:
书目详细资料
主要作者: Nguyễn, Kim Sách
格式: 图书
语言:Undetermined
出版: Hà Nội Khoa học và Kỹ thuật 2005
主题:
标签: 添加标签
没有标签, 成为第一个标记此记录!
Thư viện lưu trữ: Trung tâm Học liệu Trường Đại học Cần Thơ
LEADER 00575nam a2200193Ia 4500
001 CTU_97158
008 210402s9999 xx 000 0 und d
020 |c 69000 
082 |a 621.388 
082 |b S102 
100 |a Nguyễn, Kim Sách 
245 0 |a Thu hình số, Set-Top-Box số, Multimedia 
245 0 |c Nguyễn Kim Sách 
260 |a Hà Nội 
260 |b Khoa học và Kỹ thuật 
260 |c 2005 
650 |a Digital communications,Digital television 
904 |i Vương 
980 |a Trung tâm Học liệu Trường Đại học Cần Thơ